02413nam a2200541 i 450000100060000000300090000600500170001500800410003201500180007302000150009103500230010603500360012903500140016503500200017903500230019903500440022204000280026604100180029404600090031208000110032108000150033210000240034724501000037126001410047130000490061233600270066133700540068833800280074238000160077038800100078649001380079649001260093450001490106050400260120954600250123565000300126065000150129065000270130565000330133265000360136565800280140171001210142983001360155085600980168694200120178499900170179695200580181351157KOSZ 00520221012144535.0050812s2005 pl aa |000 0 pol  aUWD 2009/8813 a8387745677 a991028119909705066 a(PL-WaBN)b17615847-48omnis_nlop ab17615847 a(OCoLC)69471576 a(PL)b0000001761584 a(EXLNZ-48OMNIS_NETWORK)9910207906505606 aWA NcWA NdKOSZ 005/HR0 apolbengbrus k2005 a621.78 a669.72/.761 aLis, JadwigaeAutor10aMikrosegregacja manganu w stalach niskowęglowych w trakcie obróbki cieplnej /cJadwiga Lis. aCzęstochowa :bWydawnictwo Wydziału Inżynierii Procesowej, Materiałowej i Fizyki Stosowanej Politechniki Częstochowskiej,c2005. a143 s. :bil. (w tym kolor.), err. ;c24 cm. aTekstbtxt2rdacontent aBez urządzenia pośredniczącegobn2rdamedia aWoluminbnc2rdacarrier aKsiążki a2001-1 aInżynieria Materiałowa / Politechnika Częstochowska. Wydział Inżynierii Procesowej, Materiałowej i Fizyki Stosowanej ;vnr 71 aPrace Naukowe / Politechnika Częstochowska. Wydział Inżynierii Materiałowej, Procesowej i Fizyki Stosowanej ;vnr 7 aNa okł. odmienny tyt. serii: Prace Naukowe Wydziału Inżynierii Procesowej, Materiałowej i Fizyki Stosowanej / Politechnika Częstochowska. aBibliogr. s. 130-139. aStreszcz. ang., ros. 7aMangan (pierwiastek)2DBN 7aMetalurgia 7aObróbka cieplna2DBN 7aSegregacja (metalurgia)2DBN 7aStopy (materiałoznawstwo)2DBN aInżynieria i technika2 aWydawnictwo Wydziału Inżynierii Procesowej, Materiałowej i Fizyki Stosowanej (Politechnika Częstochowska)4pbl 0aInżynieria Materiałowa - Politechnika Częstochowska. Wydział Inżynierii Procesowej, Materiałowej i Fizyki Stosowanejvnr 7 uhttp://koha.tu.koszalin.pl/cgi-bin/koha/opac-detail.pl?biblionumber=51157yKatalog online BPK 2UKDcKS c51157d51157 00104071aBPKbBPKcco77559p02292243t669 M.MyKS